000 01130nam a2200265 i 4500
003 DO-SdBNP
005 20240302073957.0
006 a||||gr|||| 00| 0
007 ta
008 230815e1995 dr ||||| |||| 00| 0 spa d
040 _aDO-SdBNP
_bspa
_cBNPHU
_erda
082 4 _222
_bV145v
100 1 _aValdez, Diógenes,
_d1941-2014
_914890
_eautor
245 _aXXIII feria nacional del libro:
_bJosé Martí-Máximo Gómez: centenario del manifiesto de Monte Cristi (1895 - 1995). Máximo Gómez y José Marti: antes y despues del manifiesto de Monte Cristi. /
_cDiógenes Valdez
264 1 _aSanto Domingo :
_bComisión Organizadora Permanente de la Feria Nacional del Libro,
_c1995
300 _a21 páginas ;
_c19 cm.
336 _2rdacontent
_atexto
_btxt
337 _2rdamedia
_asin mediación
_bn
338 _2rdacarrier
_avolumen
_bnc
590 _ainventariado 2023 / MF
600 4 _aMARTI, JOSE,
_d1853-1895.
_xBiografía
_919222
600 1 0 _aGómez, Máximo,
_d1836-1905
_xBiografía
_912249
710 1 _aRepública Dominicana.
_bComisión Organizadora Permanente de la Feria Nacional del Libro
_982982
942 _2ddc
_cLF2
999 _c54429
_d54429